00729nam a2200217Ia 450000500170000000800410001702000150005808200180007324500640009125000190015530000430017465000430021765000400026065000470030065000090034726400320035633600270038833700330041533800280044804000350047620220317000610.0160601s1997 ck a g 000 0 und  a958200180104a372.126 bC1510aCamino al bachillerato bconceptos básicos de la primaria a1a. edición  a151 páginas bilustraciones c20 cm 142LEMBaMediciones y pruebas educativas 142LEMBaEstudiantes xCalificación 142LEMBaEducación primaria xEvaluación 142LEMB aBogotá bMagisterioc1997 atextobtxt2rdacontent asin mediaciónbn2rdamedia avolumenbnc2rdacarrier aCO-BoRNBPbspaerdacCO-BoRNBP